[Event "Biel"]
[Site "Biel SUI"]
[Date "2014.07.22"]
[EventDate "2014.07.14"]
[Round "8.1"]
[Result "1/2-1/2"]
[White "Pentala Harikrishna"]
[Black "Alexander Motylev"]
[WhiteElo "2726"]
[BlackElo "2698"]
[PlyCount "57"]

1. e4 c6 2. d4 d5 3. Nc3 dxe4 4. Nxe4 Bf5 5. Ng3 Bg6 6. h4 h6
7. Nf3 e6 8. Ne5 Bh7 9. Bd3 Bxd3 10. Qxd3 Nd7 11. f4 Bb4+
12. Bd2 Bxd2+ 13. Qxd2 Ngf6 14. O-O-O O-O 15. f5 Re8 16. Rhf1
Qc7 17. Rde1 Nxe5 18. dxe5 exf5 19. Nxf5 Rxe5 20. Nxh6+ gxh6
21. Rxf6 Rae8 22. Ref1 Re2 23. Qb4 Rxg2 24. Rxf7 Qxf7 25. Rxf7
Rg1+ 26. Kd2 Rg2+ 27. Kc1 Rg1+ 28. Kd2 Rg2+ 29. Kc1 1/2-1/2

[Event "Biel"]
[Site "Biel SUI"]
[Date "2014.07.23"]
[EventDate "2014.07.14"]
[Round "9"]
[Result "1-0"]
[White "Radoslaw Wojtaszek"]
[Black "Pentala Harikrishna"]
[WhiteElo "2733"]
[BlackElo "2726"]
[PlyCount "80"]

1. d4 Nf6 2. c4 g6 3. Nc3 d5 4. cxd5 Nxd5 5. e4 Nxc3 6. bxc3
Bg7 7. Bb5+ Nc6 8. Nf3 O-O 9. O-O Na5 10. Bf4 Bd7 11. Be2 c5
12. d5 Bg4 13. e5 Qd7 14. Re1 Rad8 15. h3 Bf5 16. c4 e6
17. Qd2 b6 18. d6 Be4 19. Ng5 Bb7 20. Rad1 Kh8 21. Qe3 Nc6
22. Nf3 Nb4 23. Rd2 Qa4 24. Bd1 Qa6 25. Bg5 Rd7 26. Bf6 Bxf6
27. exf6 Bxf3 28. Bxf3 Qc8 29. Qe4 Rg8 30. a3 Na6 31. Bd1 Nb8
32. Ba4 Rdd8 33. g4 Qa6 34. Qc2 Qb7 35. Qc3 Nc6 36. Bxc6 Qxc6
37. Rxe6 Rgf8 38. Qe5 Qf3 39. Qe3 Qc6 40. Re7 Rd7 1-0

[Event "Biel"]
[Site "Biel SUI"]
[Date "2014.07.24"]
[EventDate "2014.07.14"]
[Round "10"]
[Result "1-0"]
[White "Pentala Harikrishna"]
[Black "Yifan Hou"]
[WhiteElo "2726"]
[BlackElo "2629"]
[PlyCount "145"]

1. e4 c5 2. Nf3 d6 3. d4 cxd4 4. Nxd4 Nf6 5. Nc3 a6 6. Bc4 e6
7. O-O Nc6 8. Nxc6 bxc6 9. Qe2 d5 10. Bb3 Be7 11. Ba4 Bd7
12. e5 Ng8 13. Qg4 g6 14. Ne2 h5 15. Qf3 Nh6 16. Bxh6 Rxh6
17. c4 Kf8 18. Nd4 Rc8 19. Rac1 c5 20. Bxd7 Qxd7 21. Ne2 d4
22. b4 h4 23. bxc5 Rh5 24. Rfd1 Rxe5 25. Nxd4 Qe8 26. Qf4
Rcxc5 27. Nb3 Rf5 28. Qh6+ Kg8 29. Nxc5 Bxc5 30. Rc2 Be7
31. Qe3 Qc6 32. Kh1 Kh7 33. Rd4 Kg7 34. Qe4 Qb6 35. Rd1 Bf6
36. Qe3 Qc6 37. c5 Kh7 38. h3 Be7 39. Rd4 Kg8 40. Rdc4 a5
41. Qc3 Rd5 42. Qf3 Qd7 43. Rc1 Rf5 44. c6 Rxf3 45. cxd7 Rd3
46. Rc7 Bd8 47. Rb7 Kf8 48. Kg1 Ke7 49. Kf1 Rd2 50. Rc8 g5
51. Ke1 Rd5 52. Ke2 f5 53. Ke3 Rd1 54. Ke2 Rd4 55. Rbb8 Rxd7
56. Rc3 Rd4 57. Rd3 Re4+ 58. Kd2 Rf4 59. f3 Bc7 60. Rb7 Rc4
61. Rc3 Rxc3 62. Kxc3 Kd6 63. Kc4 Kc6 64. Ra7 Bb6 65. Ra8 Bc7
66. Ra7 Kb6 67. Ra8 Kc6 68. a4 Kd7 69. Ra6 Bd8 70. Kb5 Bc7
71. Kc5 Bd8 72. Ra7+ Bc7 73. Rb7 1-0

[Event "Qatar Masters"]
[Site "Doha QAT"]
[Date "2014.11.26"]
[EventDate "2014.11.26"]
[Round "1.6"]
[Result "0-1"]
[White "Dronavalli Harika"]
[Black "Pentala Harikrishna"]
[WhiteElo "2505"]
[BlackElo "2725"]
[PlyCount "160"]

1. Nf3 Nf6 2. c4 b6 3. g3 Bb7 4. Bg2 g6 5. O-O Bg7 6. Nc3 O-O
7. d4 Ne4 8. Nxe4 Bxe4 9. Be3 d5 10. Qc1 Nc6 11. Rd1 Re8
12. Qc3 Na5 13. cxd5 Qxd5 14. Ne1 Bxg2 15. Nxg2 c5 16. Qd3 c4
17. Qd2 e5 18. dxe5 Qxe5 19. Rab1 Nc6 20. a4 Qe4 21. Qd5 Qxd5
22. Rxd5 Rad8 23. Rxd8 Rxd8 24. Ne1 Nb4 25. Rc1 c3 26. bxc3
Na2 27. Rc2 Nxc3 28. Nd3 Nxa4 29. Ra2 Nc3 30. Rxa7 Nxe2+
31. Kf1 Nd4 32. Rb7 Nf5 33. Ke2 Bd4 34. Bxd4 Nxd4+ 35. Kf1 Nf3
36. Nf4 Rd6 37. h4 h6 38. Kg2 Ne5 39. Ne2 Nd7 40. Nc3 Kf8
41. Nb5 Rd3 42. Na7 Rd2 43. Nc8 Ne5 44. Nxb6 Ng4 45. Kg1 Nxf2
46. Nd7+ Ke7 47. Ne5+ Ke6 48. Nxf7 Ng4 49. Ra7 Kf6 50. Ra4
Rd1+ 51. Kg2 Ne3+ 52. Kf2 Nf5 53. g4 Nxh4 54. Nxh6 Rd2+
55. Ke3 Rd5 56. Kf2 Rb5 57. Re4 Rb2+ 58. Kg3 Rb3+ 59. Kf2 Rf3+
60. Ke2 Kg5 61. Ng8 Rf7 62. Ne7 Ng2 63. Nd5 Kh4 64. Ne3 Nxe3
65. Kxe3 Kg3 66. Ra4 Re7+ 67. Kd2 g5 68. Ra1 Re5 69. Rg1+ Kf2
70. Rh1 Rd5+ 71. Kc3 Kg3 72. Rg1+ Kf3 73. Kc4 Rd2 74. Kc3 Rg2
75. Rf1+ Kxg4 76. Kd3 Kg3 77. Ke3 g4 78. Rf8 Ra2 79. Rg8 Kh3
80. Kf4 Ra4+ 0-1

[Event "Qatar Masters"]
[Site "Doha QAT"]
[Date "2014.11.27"]
[EventDate "2014.11.26"]
[Round "2.5"]
[Result "1-0"]
[White "Pentala Harikrishna"]
[Black "Alexander Ipatov"]
[WhiteElo "2725"]
[BlackElo "2608"]
[PlyCount "91"]

1. d4 Nf6 2. c4 e6 3. Nf3 d5 4. Nc3 Nbd7 5. Bf4 dxc4 6. e3 a6
7. a4 Bd6 8. Bg5 h6 9. Bh4 b6 10. Bxc4 Bb7 11. O-O Qb8 12. Re1
O-O 13. e4 c5 14. e5 cxd4 15. Qxd4 Bxf3 16. Bxf6 Nxf6 17. exf6
Bxh2+ 18. Kh1 Rd8 19. Qh4 Be5 20. gxf3 Bxf6 21. Qg4 b5
22. axb5 axb5 23. Rxa8 Qxa8 24. Bxb5 Qa5 25. Qc4 Rb8 26. Rb1
Qb6 27. Kg2 Bd4 28. Ne4 Be5 29. Ba4 Bxb2 30. Qc2 Qb4 31. Nd2
Qd4 32. Bb3 Ba3 33. Bxe6 Rxb1 34. Nxb1 Bc5 35. Bb3 Kf8 36. Nc3
g6 37. Ne4 Bb6 38. Qc6 Qd8 39. Qc4 Qc7 40. Qb4+ Kg7 41. Nd6
Qa7 42. Nxf7 Bxf2 43. Qf4 Qe3 44. Qb8 Kf6 45. Qh8+ Kf5
46. Nxh6+ 1-0

[Event "Qatar Masters"]
[Site "Doha QAT"]
[Date "2014.11.28"]
[EventDate "2014.11.26"]
[Round "3.3"]
[Result "1-0"]
[White "Mikhailo Oleksienko"]
[Black "Pentala Harikrishna"]
[WhiteElo "2620"]
[BlackElo "2725"]
[PlyCount "161"]

1. Nf3 Nf6 2. g3 g6 3. Bg2 Bg7 4. O-O O-O 5. d4 d6 6. c4 Nbd7
7. Nc3 e5 8. e4 exd4 9. Nxd4 Re8 10. Re1 Nc5 11. h3 Bd7
12. Bf4 h6 13. Qc2 Nh7 14. Be3 Qc8 15. Kh2 h5 16. Rad1 h4
17. g4 Ne6 18. Nde2 g5 19. f4 gxf4 20. Nxf4 Nxf4 21. Bxf4 Bc6
22. Nd5 Be5 23. Qf2 Qd8 24. Bxe5 Rxe5 25. Ne3 Qf6 26. Qxf6
Nxf6 27. Nf5 Rae8 28. Nxh4 Bxe4 29. Rd2 Bxg2 30. Rxe5 Rxe5
31. Kxg2 Re1 32. Nf3 Rc1 33. b3 a6 34. Nd4 Nd7 35. Ne2 Re1
36. Kf2 Rh1 37. Ng1 Rh2+ 38. Ke1 Rxd2 39. Kxd2 Ne5 40. Ke3 Kg7
41. Nf3 Nc6 42. Nd4 Ne5 43. Ke4 Kf6 44. Nf5 Nd7 45. h4 Nc5+
46. Ke3 a5 47. Nd4 c6 48. Nf5 Ke5 49. h5 Ne6 50. Nh4 Kf6
51. Nf3 Nf8 52. Nd2 Ke5 53. h6 b6 54. Nf3+ Kf6 55. Nd4 Kg5
56. Nxc6 Kxh6 57. Nd8 Kg6 58. Nb7 f5 59. gxf5+ Kxf5 60. Nxd6+
Ke5 61. Nc8 Nd7 62. Kd3 Nc5+ 63. Kd2 Nd7 64. Kc3 Kf6 65. b4
Ke5 66. b5 Ke4 67. c5 Nxc5 68. Nxb6 Nb7 69. Kc4 Ke5 70. Nc8
Ke6 71. b6 Kd7 72. Na7 a4 73. Kd5 Nd6 74. Nc6 Nb7 75. Ne5+ Kc8
76. Kc6 Nd8+ 77. Kb5 Ne6 78. Ka6 Nc5+ 79. Ka7 Nb7 80. Nc4 Nd8
81. Na5 1-0

[Event "Qatar Masters"]
[Site "Doha QAT"]
[Date "2014.11.29"]
[EventDate "2014.11.26"]
[Round "4.15"]
[Result "1-0"]
[White "Pentala Harikrishna"]
[Black "Bartosz Socko"]
[WhiteElo "2725"]
[BlackElo "2614"]
[PlyCount "89"]

1. c4 Nf6 2. Nf3 g6 3. Nc3 Bg7 4. e4 d6 5. d4 O-O 6. Be2 e5
7. O-O Nc6 8. d5 Ne7 9. Nd2 c5 10. dxc6 bxc6 11. b4 d5 12. Ba3
Re8 13. b5 d4 14. Na4 Qa5 15. Rb1 Bh6 16. Bb4 Qc7 17. Nc5 Bb7
18. Bd3 Nc8 19. Ndb3 Nd6 20. Qf3 Nh5 21. g3 Bc8 22. a4 Ng7
23. Qf6 cxb5 24. cxb5 Ne6 25. Nxe6 Rxe6 26. Qh4 Kg7 27. f4 Bb7
28. Rbc1 Qd8 29. Qxd8 Rxd8 30. Nc5 Re7 31. Nxb7 Rxb7 32. Rc6
Ne8 33. fxe5 Nc7 34. Bd6 Ne6 35. a5 Bg5 36. a6 Rbd7 37. Rb1
Be7 38. b6 Bxd6 39. exd6 axb6 40. Rbxb6 Kf6 41. Kf2 g5 42. Rb5
Kg7 43. e5 f6 44. Bc4 Kf7 45. Rc7 1-0

[Event "Qatar Masters"]
[Site "Doha QAT"]
[Date "2014.11.30"]
[EventDate "2014.11.26"]
[Round "5.6"]
[Result "1/2-1/2"]
[White "Eltaj Safarli"]
[Black "Pentala Harikrishna"]
[WhiteElo "2628"]
[BlackElo "2725"]
[PlyCount "43"]

1. e4 e5 2. Nf3 Nc6 3. Bb5 a6 4. Ba4 Nf6 5. O-O Be7 6. Re1 b5
7. Bb3 d6 8. c3 O-O 9. h3 Nd7 10. d4 Bf6 11. d5 Ne7 12. Nbd2
Ng6 13. Nf1 Nh4 14. N1h2 Nxf3+ 15. Nxf3 Bb7 16. Be3 Be7 17. a4
Nf6 18. Bg5 Nd7 19. Be3 Nf6 20. Bg5 Nd7 21. Be3 Nf6 22. Bg5
1/2-1/2

[Event "Qatar Masters"]
[Site "Doha QAT"]
[Date "2014.12.01"]
[EventDate "2014.11.26"]
[Round "6.9"]
[Result "1/2-1/2"]
[White "Pentala Harikrishna"]
[Black "Abhijeet Gupta"]
[WhiteElo "2725"]
[BlackElo "2632"]
[PlyCount "119"]

1. d4 Nf6 2. Nf3 g6 3. c4 Bg7 4. Nc3 d5 5. Qb3 dxc4 6. Qxc4
O-O 7. e4 a6 8. Be2 b5 9. Qb3 c5 10. dxc5 Be6 11. Qc2 Nbd7
12. Be3 Rc8 13. Rd1 b4 14. Nd5 Bxd5 15. exd5 Nxc5 16. O-O a5
17. Rfe1 Qd6 18. Rc1 Qb8 19. Bxc5 Nd7 20. Qa4 Nxc5 21. Qxa5
Nd7 22. Qb5 Qxb5 23. Bxb5 Rxc1 24. Rxc1 Nb6 25. d6 exd6
26. Rc6 Rb8 27. Rxd6 Bxb2 28. h4 Kg7 29. Ba6 Bf6 30. g3 Nc8
31. Rd7 Nb6 32. Ra7 Ra8 33. Rxa8 Nxa8 34. Kf1 Nb6 35. Ke2 Na4
36. Bc4 h6 37. Ke3 Bc3 38. Nd4 Nc5 39. Nb5 Be5 40. Nd4 f5
41. Bd5 Kf6 42. f4 Bc7 43. Nc6 Bb6 44. Kf3 Nd3 45. Ke2 Nc5
46. Nxb4 Ba5 47. a3 g5 48. Ke3 gxh4 49. gxh4 h5 50. Bf3 Kg6
51. Bc6 Ne6 52. Be8+ Kh6 53. Nd5 Nc7 54. Nxc7 Bxc7 55. a4 Bb6+
56. Kf3 Ba5 57. Bb5 Kg6 58. Bd3 Bb6 59. Bb5 Ba5 60. Be8+
1/2-1/2

[Event "Qatar Masters"]
[Site "Doha QAT"]
[Date "2014.12.03"]
[EventDate "2014.11.26"]
[Round "8.12"]
[Result "1/2-1/2"]
[White "Pentala Harikrishna"]
[Black "Ivan Salgado Lopez"]
[WhiteElo "2725"]
[BlackElo "2622"]
[PlyCount "138"]

1. d4 Nf6 2. c4 g6 3. g3 c6 4. Bg2 d5 5. e3 Bg7 6. Ne2 O-O
7. O-O e6 8. b3 Nbd7 9. a4 e5 10. Ba3 Re8 11. cxd5 Nxd5
12. Nd2 exd4 13. Nxd4 N7f6 14. Nc4 a5 15. Nd6 Re5 16. Qd2 Bf8
17. Nc4 Re8 18. Bxf8 Kxf8 19. Rfe1 Ne4 20. Qb2 Kg8 21. Rad1
Qf6 22. Bxe4 Rxe4 23. f3 Re8 24. e4 Nb4 25. e5 Qg7 26. Kg2 Nd5
27. Nd6 Rxe5 28. N4f5 Nf4+ 29. Kf2 Nh3+ 30. Kg2 Nf4+ 31. gxf4
gxf5+ 32. Kf2 Rxe1 33. Qxg7+ Kxg7 34. Rxe1 Be6 35. Nxb7 Bxb3
36. Nc5 Bd5 37. Nd7 f6 38. Re7+ Kg6 39. h4 h5 40. Ke3 Rd8
41. Nc5 Rb8 42. Nb7 Bb3 43. Nc5 Bd5 44. Ra7 Rb1 45. Nd7 Bf7
46. Rxa5 Rb3+ 47. Kf2 Rb2+ 48. Kg3 Be6 49. Nf8+ Kf7 50. Nxe6
Kxe6 51. Rc5 Ra2 52. a5 Rb2 53. a6 Ra2 54. Rxc6+ Kf7 55. Rc7+
Kg6 56. Ra7 Kh6 57. Ra8 Kg6 58. Kh3 Kg7 59. a7 Kh7 60. Rf8
Rxa7 61. Rxf6 Ra5 62. Re6 Kg7 63. Re2 Ra3 64. Kg3 Ra4 65. Rd2
Rb4 66. Rd5 Kg6 67. Rd8 Kg7 68. Rd5 Kg6 69. Rd8 Kg7 1/2-1/2

[Event "Qatar Masters"]
[Site "Doha QAT"]
[Date "2014.12.04"]
[EventDate "2014.11.26"]
[Round "9.13"]
[Result "1/2-1/2"]
[White "Daniel Naroditsky"]
[Black "Pentala Harikrishna"]
[WhiteElo "2620"]
[BlackElo "2725"]
[PlyCount "118"]

1. e4 e5 2. Nf3 Nc6 3. Bb5 a6 4. Ba4 Nf6 5. O-O Be7 6. Re1 b5
7. Bb3 d6 8. c3 O-O 9. h3 Be6 10. d4 Bxb3 11. Qxb3 Qb8 12. Be3
Na5 13. Qc2 Nc4 14. Bg5 c6 15. Nbd2 Nxd2 16. Qxd2 Qc7 17. Bh4
Nh5 18. Bxe7 Qxe7 19. Rad1 Rfd8 20. Qg5 Qxg5 21. Nxg5 Nf4
22. g3 Ng6 23. h4 Nf8 24. Nf3 f6 25. Rd2 Rd7 26. Red1 Rad8
27. Kf1 Kf7 28. Ke2 c5 29. dxc5 dxc5 30. Rxd7+ Rxd7 31. Rxd7+
Nxd7 32. b3 Ke6 33. Nd2 g6 34. Ke3 Nb6 35. Kd3 f5 36. f3 h5
37. Ke3 c4 38. bxc4 bxc4 39. a3 Na4 40. Nxc4 Nxc3 41. Kd3 Nb5
42. Ke3 Nc3 43. Kd3 Na4 44. Ke3 Nc5 45. Nd2 Nd7 46. f4 fxe4
47. fxe5 Kxe5 48. Nxe4 Nb6 49. Nc5 a5 50. a4 Nc4+ 51. Kf3 Kd4
52. Nb7 Ke5 53. g4 Nd2+ 54. Ke2 Nb3 55. gxh5 gxh5 56. Ke3 Nd4
57. Nxa5 Nf5+ 58. Kf3 Nxh4+ 59. Kg3 Nf5+ 1/2-1/2

[Event "Bundesliga 2014/15"]
[Site "Eppingen GER"]
[Date "2015.02.21"]
[EventDate "2014.10.18"]
[Round "10.7"]
[Result "1/2-1/2"]
[White "Alexandr Hilario Takeda dos Santos Fier"]
[Black "Pentala Harikrishna"]
[WhiteElo "2589"]
[BlackElo "2727"]
[PlyCount "104"]

1. d4 Nf6 2. c4 e6 3. Nc3 Bb4 4. e3 O-O 5. Ne2 Re8 6. a3 Bf8
7. Ng3 d5 8. Be2 c5 9. dxc5 dxc4 10. O-O Bxc5 11. Bxc4 Qxd1
12. Rxd1 Nbd7 13. Nge4 Be7 14. Be2 Nb6 15. Nxf6+ Bxf6 16. Nb5
Rf8 17. Bf3 Bd7 18. Nd6 Ba4 19. Re1 Rab8 20. Nxb7 Nd7 21. Bd2
Ne5 22. Nc5 Rxb2 23. Bb4 Bc6 24. Bxc6 Nxc6 25. Nd7 Nxb4
26. Nxf6+ gxf6 27. axb4 Rc8 28. Rxa7 Rcc2 29. Rf1 Rxb4
30. Raa1 f5 31. Rac1 Rcb2 32. g3 Kg7 33. Kg2 R4b3 34. Kf3 Kg6
35. h3 e5 36. g4 f4 37. Rc6+ Kg7 38. Ke4 Re2 39. Kf3 Ra2
40. g5 Ra4 41. Rf6 h6 42. h4 fxe3 43. fxe3 Rxh4 44. Kg3 Rf4
45. R6xf4 exf4+ 46. Kxf4 h5 47. Ra1 Rb8 48. Ra6 Rh8 49. Kg3
h4+ 50. Kh3 Re8 51. Kxh4 Rxe3 52. Kg4 Rb3 1/2-1/2

[Event "Isle of Man Masters"]
[Site "Douglas IMN"]
[Date "2015.10.03"]
[EventDate "2015.10.03"]
[Round "1.2"]
[Result "0-1"]
[White "Ori Kobo"]
[Black "Pentala Harikrishna"]
[WhiteElo "2427"]
[BlackElo "2737"]
[PlyCount "130"]

1. d4 Nf6 2. c4 e6 3. Nc3 Bb4 4. f3 c5 5. d5 O-O 6. e4 Re8
7. Ne2 d6 8. Bd2 exd5 9. cxd5 Nbd7 10. Ng3 Ne5 11. Be2 c4
12. O-O b5 13. Kh1 Rb8 14. Be3 Qc7 15. Rc1 h6 16. b3 Bc5
17. Bxc5 Qxc5 18. bxc4 bxc4 19. Qd2 Bd7 20. Nd1 Qb4 21. Qd4
Qb6 22. Qd2 Rec8 23. Ne3 Nd3 24. Bxd3 cxd3 25. Rxc8+ Rxc8
26. Rd1 Ba4 27. Re1 Qd4 28. Ne2 Qc5 29. Rc1 Bc2 30. Nf4 Qc3
31. Qxc3 Rxc3 32. Nxd3 Rxd3 33. Nxc2 Rc3 34. Kg1 Nh5 35. g3
Nf6 36. Kf2 Nd7 37. Ke2 Nc5 38. Kd2 Rxf3 39. Re1 Rf2+ 40. Kc3
f6 41. Nd4 Rxa2 42. Nf5 Ra6 43. Kc4 Nd7 44. Rb1 g6 45. Nxh6+
Kf8 46. Ng4 f5 47. exf5 Ra4+ 48. Rb4 Nb6+ 49. Kb3 Rxb4+
50. Kxb4 Nxd5+ 51. Kb5 gxf5 52. Nf2 Ke7 53. Ka6 Nf6 54. Nd3
Ke6 55. Kxa7 Kd5 56. Kb6 Ke4 57. Nf4 d5 58. Kc5 d4 59. Kd6 Nh5
60. Ne6 Ke3 61. Nc5 Nf6 62. Ke6 Ne4 63. Nb3 d3 64. Ke5 Nc5
65. Na5 Nd7+ 0-1

[Event "World Blitz Championship"]
[Site "Berlin GER"]
[Date "2015.10.13"]
[EventDate "2015.10.13"]
[Round "1.46"]
[Result "1-0"]
[White "Pentala Harikrishna"]
[Black "Michael Richter"]
[WhiteElo "2737"]
[BlackElo "2517"]
[PlyCount "69"]

1. Nf3 d5 2. d4 e6 3. c4 c6 4. e3 f5 5. Bd3 Nf6 6. O-O Bd6
7. Qc2 Ne4 8. Ne5 O-O 9. f3 Nc5 10. Be2 Ncd7 11. f4 Nf6
12. Nd2 Nbd7 13. Rb1 Ne4 14. b4 Nxe5 15. fxe5 Be7 16. Nxe4
fxe4 17. Bd2 Rxf1+ 18. Rxf1 Bd7 19. Bh5 g6 20. Bg4 Qb6 21. b5
Rf8 22. Rb1 c5 23. cxd5 cxd4 24. Qxe4 dxe3 25. Bxe3 Bc5
26. Re1 Qxb5 27. h4 Bxe3+ 28. Qxe3 Qxd5 29. Rd1 Qc6 30. Qxa7
Rf4 31. Qb8+ Kg7 32. Qd8 Rxg4 33. Rxd7+ Kh6 34. Qf8+ Kh5
35. Rxh7# 1-0

[Event "World Blitz Championship"]
[Site "Berlin GER"]
[Date "2015.10.13"]
[EventDate "2015.10.13"]
[Round "2.34"]
[Result "1-0"]
[White "Ramil Hasangatin"]
[Black "Pentala Harikrishna"]
[WhiteElo "2509"]
[BlackElo "2737"]
[PlyCount "67"]

1. e4 c5 2. Nf3 e6 3. g3 Nc6 4. Bg2 Nf6 5. d3 d5 6. Qe2 g6
7. Bg5 dxe4 8. dxe4 h6 9. Bf4 g5 10. Bc1 Bg7 11. c3 b6 12. h4
g4 13. Nh2 Ne5 14. O-O Bb7 15. Rd1 Qc7 16. Bf4 h5 17. Na3 O-O
18. Nb5 Qb8 19. Nd6 Nfd7 20. Nxb7 Qxb7 21. f3 Ng6 22. fxg4
Nxf4 23. gxf4 Rad8 24. e5 Qc7 25. g5 c4 26. Qxh5 Qc5+ 27. Kh1
Qf2 28. Rf1 Qxb2 29. Ng4 Nxe5 30. fxe5 Rd2 31. Be4 f5 32. exf6
Rf7 33. fxg7 Rxg7 34. Qe8# 1-0

[Event "World Blitz Championship"]
[Site "Berlin GER"]
[Date "2015.10.13"]
[EventDate "2015.10.13"]
[Round "3.46"]
[Result "0-1"]
[White "Pentala Harikrishna"]
[Black "Andreas Heimann"]
[WhiteElo "2737"]
[BlackElo "2546"]
[PlyCount "128"]

1. d4 Nf6 2. Nf3 e6 3. Bg5 h6 4. Bh4 c5 5. e3 Be7 6. c3 b6
7. Nbd2 O-O 8. e4 d6 9. Bd3 Ba6 10. Bxa6 Nxa6 11. Qe2 Nc7
12. dxc5 bxc5 13. Rd1 d5 14. O-O Rb8 15. b3 Nxe4 16. Bxe7 Qxe7
17. Nxe4 dxe4 18. Qxe4 Nd5 19. Rd3 Rfd8 20. Ne5 Nf6 21. Qe2
Rxd3 22. Nxd3 Rd8 23. Ne5 Qc7 24. c4 Nd7 25. Nf3 Nf8 26. Rd1
Rxd1+ 27. Qxd1 Nd7 28. Qe2 Qd6 29. g3 Nb8 30. Qe5 Qxe5
31. Nxe5 f6 32. Nd3 Nd7 33. f4 Kf7 34. Kf2 Ke7 35. Kf3 Kd6
36. Ke4 f5+ 37. Ke3 a5 38. a3 e5 39. fxe5+ Nxe5 40. Nf2 a4
41. bxa4 Nxc4+ 42. Kd3 Na5 43. Nd1 g5 44. Ne3 Ke5 45. h3 h5
46. g4 fxg4 47. hxg4 h4 48. Ke2 Kd4 49. Nf5+ Ke5 50. Ng7 Nc4
51. Kd3 h3 52. Nh5 h2 53. Ng3 Kf4 54. Nh1 Na5 55. Ke2 c4
56. Kf2 c3 57. Ng3 c2 58. Ne2+ Kxg4 59. Kg2 Nb3 60. a5 Nxa5
61. Kxh2 Nb3 62. Kg2 c1=Q 63. Nxc1 Nxc1 64. a4 Nb3 0-1

[Event "World Blitz Championship"]
[Site "Berlin GER"]
[Date "2015.10.13"]
[EventDate "2015.10.13"]
[Round "4.59"]
[Result "0-1"]
[White "Sebastien Maze"]
[Black "Pentala Harikrishna"]
[WhiteElo "2582"]
[BlackElo "2737"]
[PlyCount "92"]

1. e4 e6 2. d4 d5 3. Nc3 Nf6 4. Bg5 dxe4 5. Nxe4 Be7 6. Bxf6
gxf6 7. Nf3 f5 8. Nc3 a6 9. Qd2 b5 10. O-O-O Qd6 11. Kb1 Nd7
12. Bd3 c5 13. d5 c4 14. dxe6 fxe6 15. Qh6 cxd3 16. Rxd3 Qb6
17. Re1 e5 18. Qxb6 Nxb6 19. Nxe5 O-O 20. f4 Bf6 21. Rd6 Bxe5
22. fxe5 Nc4 23. Rc6 Bb7 24. Rc7 Rf7 25. Rxf7 Kxf7 26. b3 Nd2+
27. Kc1 Ne4 28. Rd1 Ke6 29. Ne2 Kxe5 30. Rd7 Bc6 31. Rxh7 Rd8
32. Rh6 Rd6 33. Rh8 Nf2 34. g3 Rd1+ 35. Kb2 Re1 36. Nf4 b4
37. a3 Nd1+ 38. Kc1 Nc3+ 39. Kd2 Rd1+ 40. Ke3 bxa3 41. Nd3+
Rxd3+ 42. Kxd3 a2 43. Kxc3 a1=Q+ 44. Kd2 Qd4+ 45. Kc1 Qc3
46. Rd8 Be4 0-1

[Event "World Blitz Championship"]
[Site "Berlin GER"]
[Date "2015.10.13"]
[EventDate "2015.10.13"]
[Round "5.46"]
[Result "1-0"]
[White "Pentala Harikrishna"]
[Black "Alexander Shabalov"]
[WhiteElo "2737"]
[BlackElo "2522"]
[PlyCount "52"]

1. e4 c5 2. Nf3 d6 3. d4 cxd4 4. Nxd4 Nf6 5. Nc3 Nc6 6. Bg5 e6
7. Qd2 a6 8. O-O-O Bd7 9. f4 b5 10. Bxf6 gxf6 11. Kb1 Qb6
12. Nxc6 Bxc6 13. f5 b4 14. Ne2 Bxe4 15. Ng3 Bb7 16. fxe6 fxe6
17. Qf4 Be7 18. Be2 O-O-O 19. Qc4+ Kb8 20. Qxe6 Qc7 21. Bf3 d5
22. Nf5 Bc5 23. Nd4 Rhe8 24. Qxf6 Qe5 25. Nc6+ Bxc6 26. Qxc6
Qd6 1-0

[Event "World Blitz Championship"]
[Site "Berlin GER"]
[Date "2015.10.13"]
[EventDate "2015.10.13"]
[Round "8.17"]
[Result "1-0"]
[White "Vladimir Fedoseev"]
[Black "Pentala Harikrishna"]
[WhiteElo "2659"]
[BlackElo "2737"]
[PlyCount "67"]

1. e4 e6 2. d4 d5 3. Nd2 c5 4. Ngf3 cxd4 5. exd5 Qxd5 6. Bc4
Qd6 7. O-O Nf6 8. Nb3 Nc6 9. Nbxd4 Nxd4 10. Nxd4 a6 11. Re1
Qc7 12. Bd3 Bd6 13. Bg5 Bxh2+ 14. Kh1 Be5 15. c3 h6 16. Bh4 g5
17. Rxe5 Qxe5 18. Bg3 Qd5 19. Qe2 h5 20. Be5 Rh6 21. Rd1 Bd7
22. b4 Bc6 23. f3 Qd7 24. Qe3 Ng4 25. fxg4 hxg4+ 26. Kg1 O-O-O
27. Qxg5 Qd5 28. Nxc6 Qxc6 29. Qxh6 Qa4 30. Rd2 Qa3 31. Qe3
Qc1+ 32. Kf2 f6 33. Bg3 e5 34. Bf5+ 1-0

[Event "World Blitz Championship"]
[Site "Berlin GER"]
[Date "2015.10.13"]
[EventDate "2015.10.13"]
[Round "9.33"]
[Result "1-0"]
[White "Pentala Harikrishna"]
[Black "Dariusz Swiercz"]
[WhiteElo "2737"]
[BlackElo "2620"]
[PlyCount "125"]

1. e4 c6 2. d4 d5 3. e5 Bf5 4. Nf3 e6 5. Be2 Nd7 6. O-O h6
7. Nbd2 Ne7 8. c3 Nc8 9. Ne1 Be7 10. Bd3 Bxd3 11. Nxd3 Ncb6
12. Qg4 g6 13. Nf3 Qc7 14. a4 a6 15. b3 c5 16. a5 Nc8 17. Nf4
Nf8 18. c4 dxc4 19. d5 exd5 20. Nxd5 Qd7 21. Qxd7+ Kxd7
22. Rd1 Kc6 23. e6 Bd6 24. Bb2 fxe6 25. Nb6 Nxb6 26. Bxh8 Nd5
27. bxc4 Nb4 28. Ne5+ Kc7 29. Nf7 Be7 30. Be5+ Kc6 31. Bd6
Bxd6 32. Rxd6+ Kc7 33. Rad1 Nc6 34. Nxh6 Nxa5 35. R6d3 Nxc4
36. Nf7 b5 37. h4 a5 38. Rb1 Rb8 39. Rc3 a4 40. g4 Nd7 41. Ng5
Nde5 42. Nxe6+ Kd6 43. Nf4 Nxg4 44. Rxc4 Rf8 45. Rxb5 Ne5
46. Rxa4 Nf3+ 47. Kf1 c4 48. Rd5+ Kc6 49. Rxc4+ Kb6 50. Rd3
Ne5 51. Rb3+ Ka5 52. Re4 Rf5 53. Rb7 Ng4 54. Re8 Ka6 55. Rb4
Ka7 56. Re2 Ra5 57. Ne6 Nf6 58. Nd4 Ra1+ 59. Kg2 Nd5 60. Nc6+
Ka6 61. Rd4 Nc3 62. Re3 Nd1 63. Re1 1-0

[Event "World Blitz Championship"]
[Site "Berlin GER"]
[Date "2015.10.13"]
[EventDate "2015.10.13"]
[Round "10.27"]
[Result "1-0"]
[White "Grzegorz Gajewski"]
[Black "Pentala Harikrishna"]
[WhiteElo "2654"]
[BlackElo "2737"]
[PlyCount "73"]

1. c4 e5 2. g3 Nf6 3. Bg2 d5 4. cxd5 Nxd5 5. Nc3 Nb6 6. d3 Be7
7. Be3 O-O 8. Rc1 Nc6 9. Bxc6 bxc6 10. Nf3 Bh3 11. Rg1 Nd5
12. g4 Nxe3 13. fxe3 Bh4+ 14. Nxh4 Qxh4+ 15. Kd2 Bxg4 16. Qa4
f5 17. h3 Qxh3 18. Rh1 Qg2 19. Rcg1 Qf2 20. Qc4+ Kh8 21. Qxc6
Rab8 22. Rg2 Rf6 23. Qxc7 Rxb2+ 24. Kc1 Qxe3+ 25. Kxb2 Rb6+
26. Ka1 h6 27. Rxg4 fxg4 28. Qc8+ Kh7 29. Qf5+ Kh8 30. Qf8+
Kh7 31. Qf5+ Kh8 32. Rf1 Qd2 33. Qf8+ Kh7 34. Qf5+ Rg6 35. Ne4
Qxe2 36. Rb1 Qxd3 37. Ng5+ 1-0

[Event "World Blitz Championship"]
[Site "Berlin GER"]
[Date "2015.10.13"]
[EventDate "2015.10.13"]
[Round "11.37"]
[Result "0-1"]
[White "Pentala Harikrishna"]
[Black "Alexander Huzman"]
[WhiteElo "2737"]
[BlackElo "2580"]
[PlyCount "94"]

1. e4 e6 2. d4 d5 3. Nd2 c5 4. Ngf3 cxd4 5. exd5 Qxd5 6. Bc4
Qd6 7. O-O Nf6 8. Nb3 Nc6 9. Nbxd4 Nxd4 10. Qxd4 Qxd4 11. Nxd4
Bd7 12. Bf4 Rc8 13. Be2 Bc5 14. Nb3 Bb6 15. c3 Nd5 16. Bd6 Bc7
17. Ba3 f6 18. Bh5+ g6 19. Bf3 Bc6 20. Nd4 Kf7 21. c4 Nb6
22. Nxc6 bxc6 23. b3 Be5 24. Rad1 c5 25. Rd3 Bd4 26. b4 Rhd8
27. bxc5 Nxc4 28. Rfd1 e5 29. Bb4 Nb2 30. Rxd4 Rxd4 31. Rxd4
exd4 32. Bb7 Re8 33. c6 Nd3 34. Kf1 Nxb4 35. c7 Nxa2 36. c8=Q
Rxc8 37. Bxc8 Nb4 38. Ke2 Ke7 39. Kf3 Kd6 40. Ke4 Kc5 41. Be6
a5 42. Bg8 h6 43. Bf7 g5 44. Kf5 d3 45. Kxf6 a4 46. Ke5 d2
47. Bh5 a3 0-1

[Event "World Blitz Championship"]
[Site "Berlin GER"]
[Date "2015.10.14"]
[EventDate "2015.10.13"]
[Round "12.44"]
[Result "1-0"]
[White "Jure Borisek"]
[Black "Pentala Harikrishna"]
[WhiteElo "2565"]
[BlackElo "2737"]
[PlyCount "85"]

1. e4 e5 2. Nf3 Nc6 3. Bb5 a6 4. Ba4 d6 5. c3 Bd7 6. O-O Nge7
7. d4 Ng6 8. d5 Nb8 9. c4 Be7 10. Nc3 O-O 11. Bxd7 Nxd7 12. b4
a5 13. bxa5 Rxa5 14. a4 c6 15. Ba3 Nc5 16. Bb4 Ra6 17. Bxc5
dxc5 18. Rb1 Ra7 19. Rb3 Qa5 20. Qc2 Qa6 21. Rfb1 Bd8 22. Nd2
Ba5 23. g3 h5 24. Qd3 h4 25. Kg2 Bb4 26. Nf3 Rd8 27. Na2 Ba5
28. Qc2 Bc7 29. Nc1 b6 30. dxc6 Qxa4 31. Ne2 Qxc6 32. Nc3 Ne7
33. Nxh4 Rd4 34. Nd5 Nxd5 35. cxd5 Qa4 36. Nf5 Rc4 37. Qd2 g6
38. Ne7+ Kg7 39. Qg5 Qd7 40. Rf3 Bd8 41. Qf6+ Kh6 42. Qh8+ Kg5
43. Qh4# 1-0